000 00221nam a2200085Ia 4500
245 0 _aI am HIV-positive
100 _a FLANAGAN, Wendy Oxford, 2003
_980139
942 _cBK
008 210819s9999 xx 000 0 und d
999 _c281914
_d281913